Artists / Singers by their Songs #24 - Statistics

General Stats
  • This quiz has been taken 56 times
  • The average score is 5 of 10
Answer Stats
Hint Answer % Correct
I Will Always Love You / I Have Nothing / How Will I Know / I Wanna Dance with Somebody (Who Loves Me) Whitney Houston
96%
All the Small Things / I Miss You / What's My Age Again? / Adam's Song Blink-182
67%
Don't Speak / Just a Girl / It's My Life / Hella Good No Doubt
59%
Maybellene / Johnny B. Goode / Run Rudolph Run / Back in the U.S.A. Chuck Berry
55%
Roses / Closer / Something Just Like This / #Selfie The Chainsmokers
55%
Love Is a Battlefield / Hit Me with Your Best Shot / We Belong / Invincible Pat Benatar
53%
Chasing Cars / Run / Open Your Eyes / Take Back the City Snow Patrol
49%
My Girl / The Way You Do The Things You Do / Papa Was a Rollin' Stone / Just My Imagination (Running Away with Me) The Temptations
49%
Country Girl (Shake It for Me) / All My Friends Say / Play It Again / Drunk on You Luke Bryan
27%
She Bangs The Drums / Fools Gold / I Wanna Be Adored / Love Spreads The Stone Roses
14%
No matching quizzes found
Score Distribution
Percent of People with Each Score
Percentile by Number Answered
Your Score History
You have not taken this quiz